Responses for Show #2673 - Wednesday, March 27, 1996

Contestants

[<< previous game]

Lorna Valentine, a teacher from Concord, California

Doug Carter, a schoolteacher from Albuquerque, New Mexico

Marty Sade, a math teacher from Tucson, Arizona (whose 2-day cash winnings total $26,000)

[next game >>]

Jeopardy! Round responses

THE U.S.
MOVIE DEBUTS
INVENTORS
WOMEN
QUOTATIONS
COLLEGE POTPOURRI
    $100 18
Fort Knox

Lorna
    $100 1
Tom Hanks

Marty
    $100 6
Thomas Edison

Lorna
    $100 11
Lady Godiva

Doug
    $100 12
please

Lorna
    $100 23
dormitory

Marty
    $200 19
Springfield, Illinois

Marty
    $200 2
Jodie Foster

Lorna
    $200 7
Elias Howe

Marty
    $200 13
Daphne Du Maurier

Lorna
    $200 17
Will Rogers

Marty
    $200 24
(Marty: What are quarters?)
(Lorna: Don't know.)

trimesters

MartyDougLorna
    $300 20
New Mexico

Marty
    $300 3
Michael J. Fox

Marty
    $300 8
Charles Goodyear

Doug
    $300 14
Ethel Rosenberg

Marty
    $300 28
Zelda

Lorna
    $300 25
William & Mary

Doug
    $400 21
New Jersey

Marty
    $400 4
Susan Sarandon

Lorna
    $400 9
George Westinghouse

Doug
    $400 15
Heidi Fleiss

Lorna
    $400 29
"Huckleberry Finn"

Doug
    $400 26
USC (Southern California)

Lorna
    $500 22
Kilauea

Doug
    $500 5
Isabella Rossellini

Marty
    $500 10
Sir Henry Bessemer

Marty
    $500 16
Eva Braun

Lorna
    $700 30
Betty Ford

Doug
    $500 27
student union

Doug

Scores at the first commercial break (after clue 15):

Marty Doug Lorna
$1,900 $800 $1,400

Scores at the end of the Jeopardy! Round:

Marty Doug Lorna
$2,900 $3,400 $2,500

Double Jeopardy! Round responses

1889
HIGHWAYS & BYWAYS
FAMOUS MEXICANS
FLIGHTLESS BIRDS
MUSEUMS
AUTOBIOGRAPHIES
    $200 8
Eiffel Tower

Doug
    $200 26
Pennsylvania Avenue

Triple Stumper
    $200 2
Fernando Valenzuela

Doug
    $200 1
penguins

Doug
    $200 4
Mississippi River

Doug
    $200 15
Margaret Thatcher

Lorna
    $400 9
P.T. Barnum

Doug
    $400 3
Anthony Quinn

Marty
    $400 22
emus

Lorna
    $400 13
Rijksmuseum

Doug
    $400 18
Edwin "Buzz" Aldrin

Marty
    $600 10
Ottawa

Lorna
    $600 29
[end-of-round signal sounds]
(Alex: And now, the last clue will remain hidden...)

Carnaby Street

Lorna
    $600 5
Carlos Santana

Lorna
    $600 23
(Marty: What is a moa?)

dodo

MartyDoug
    $600 14
(Doug: Who is Wyeth?)

Winslow Homer

Doug
Triple Stumper
    $600 19
Spiro Agnew

Triple Stumper
    $800 11
Vincent Van Gogh

Marty
    $800 28
Lombard Street

Lorna
    $800 6
(Marty: Who is Pancho Villa?)

Emiliano Zapata

MartyLorna
    $800 24
(Alex: With less than a minute to go.)

kiwi

Marty
    $800 16
The Getty Museum

Marty
    $2,500 20
(Alex: "I Remember It Well", from the movie "Gigi")

Maurice Chevalier

Marty
    $1000 12
Nellie Bly

Marty
    $1000 27
Whitehall

Triple Stumper
    $1000 7
(Lorna: Who is Coloseo?)

Ernesto Zedillo

DougLorna
    $1000 25
rhea

Doug
    $1,500 17
Rochester

Marty
    $1000 21
Sister Elizabeth Kenney

Triple Stumper

Scores at the end of the Double Jeopardy! Round:

Marty Doug Lorna
$9,700 $7,000 $5,500

[wagering suggestions for these scores]

Final Jeopardy! Round responses

TRAVEL & TOURISM
LornaWhat is Club Med?
$5,000
DougWhat is American Express
$7,000
MartyWhat is Club Med
$4,301
Club Med

Final scores:

Marty Doug Lorna
$14,001 $0 $10,500
3-day champion: $40,001 3rd place: Motorola MicroTac Cellular Phone 2nd place: Trip to Jamaica

Game dynamics:

Coryat scores:

Marty Doug Lorna
$7,500 $6,800 $5,500
19 R
(including 2 DDs),
3 W
18 R
(including 1 DD),
1 W
17 R,
2 W

Combined Coryat: $19,800

[game clues] [game scores] [suggest correction]

Game tape date: Unknown
The J! Archive is created by fans, for fans. Scraping, republication, monetization, and malicious use prohibited; this site may use cookies and collect identifying information. See terms. The Jeopardy! game show and all elements thereof, including but not limited to copyright and trademark thereto, are the property of Jeopardy Productions, Inc. and are protected under law. This website is not affiliated with, sponsored by, or operated by Jeopardy Productions, Inc. Join the discussion at JBoard.tv.